书目信息 |
| 题名: |
大大可笑糖
|
|
| 作者: | 朱森林 编绘 | |
| 分册: | ||
| 出版信息: | 南京 江苏文艺出版社 2003 |
|
| 页数: | 261页 | |
| 开本: | 23cm | |
| 丛书名: | ||
| 单 册: | ||
| 中图分类: | J228.2 | |
| 科图分类: | ||
| 主题词: | 漫画:连环画--中国--现代--作品集 | |
| 电子资源: | ||
| ISBN: | 7-5399-1840-3 | |
| 000 | 00653nam0 2200217 450 | |
| 001 | 192004002990 | |
| 005 | 20070914103734.20 | |
| 010 | @a7-5399-1840-3@dCNY18.80 | |
| 100 | @a20070601d2003 ekmy0chiy0121 ea | |
| 101 | 0 | @achi |
| 102 | @aCN@b320000 | |
| 105 | @aa t 000yy | |
| 200 | 1 | @a大大可笑糖@Ada da ke xiao tang@f朱森林编绘 |
| 210 | @a南京@c江苏文艺出版社@d2003 | |
| 215 | @a261页@c图@d23cm | |
| 330 | @a本书收录了作者众多优秀的漫画作品,主要内容包括: 笨探, 芭芭拉小姐,放学了等。 | |
| 606 | 0 | @a漫画:连环画@y中国@z现代@j作品集 |
| 690 | @aJ228.2@v4 | |
| 701 | 0 | @a朱森林@Azhu sen lin@4编绘 |
| 801 | 2 | @aCN@c20070914 |
| 905 | @dJ228.2@eZ873 | |
| 大大可笑糖/朱森林编绘.-南京:江苏文艺出版社,2003 |
| 261页:图;23cm |
| ISBN 7-5399-1840-3:CNY18.80 |
| 本书收录了作者众多优秀的漫画作品,主要内容包括: 笨探, 芭芭拉小姐,放学了等。 |
| ● |
| 相关链接 |
|
|
|
正题名:大大可笑糖
索取号:J228.2/Z873
 
预约/预借
| 序号 | 登录号 | 条形码 | 馆藏地/架位号 | 状态 | 备注 |
| 1 | 621232 | 206212329 | 社科库309/309社科库 77排2列5层/ [索取号:J228.2/Z873] | 在馆 | |
| 2 | 621233 | 206212338 | 社科库309/309社科库 77排2列5层/ [索取号:J228.2/Z873] | 在馆 | |
| 3 | 621234 | 206212347 | 社科库309/309社科库 77排2列5层/ [索取号:J228.2/Z873] | 在馆 |